|
|
|
|
| LEADER |
00000nab a2200000 a 4500 |
| 001 |
vtls009172164 |
| 003 |
SK-MaSNL |
| 005 |
20260304164253.0 |
| 008 |
250507c2007 xo mr|p|||||||000 b|slo |
| 015 |
|
|
|a SNBRB2008/01
|2 snkbucl
|
| 035 |
|
|
|a (uuid)d2c95cd5-8331-4edd-8f1a-af85c9017f0f
|
| 035 |
|
|
|a urn:nbn:sk:snk-ab243m
|
| 035 |
|
|
|a (urnnbn)urn:nbn:sk:snk:ar-a01kp0
|
| 038 |
|
|
|a SNKBUCL
|
| 040 |
|
|
|a SNKBUCL
|b slo
|c SNKBUCL
|e AACR2
|
| 041 |
0 |
|
|a slo
|
| 044 |
|
|
|a xo
|c SK
|
| 080 |
|
|
|a 338.1:336.748:338.5:339.923
|x (4:474)
|2 2001
|
| 080 |
|
|
|a 330.35
|x (474)
|2 2001
|
| 080 |
|
|
|a 336.748
|x (474)
|2 2001
|
| 080 |
|
|
|a 338.5
|x (474)
|2 2001
|
| 080 |
|
|
|a 338.22
|x (474)
|2 2001
|
| 080 |
|
|
|a 339.923
|x (4:474)
|2 2001
|
| 100 |
1 |
|
|a Stanová, Nadežda
|4 aut
|9 1492697
|
| 245 |
1 |
0 |
|a Otázky konvergencie v ekonomikách s fixným kurzom - skúsenosť pobaltských krajín
|c Nadežda Stanová
|
| 300 |
|
|
|b Grafy, tab.
|
| 500 |
|
|
|a Pozn. za čiarou
|
| 500 |
|
|
|a Pokračovanie v č. 1/2008
|
| 610 |
2 |
7 |
|a Európska únia
|2 snkbucl
|9 29861
|
| 650 |
0 |
7 |
|a ekonomika
|2 snkbucl
|9 789
|
| 650 |
0 |
7 |
|a konvergencia
|2 snkbucl
|9 823524
|
| 650 |
0 |
7 |
|a fixný menový kurz
|2 snkbucl
|9 1492698
|
| 650 |
0 |
7 |
|a mena
|2 snkbucl
|
| 650 |
0 |
7 |
|a ceny
|2 snkbucl
|9 2113
|
| 650 |
0 |
7 |
|a inflácia
|2 snkbucl
|9 2290
|
| 650 |
0 |
7 |
|a ekonomický rast
|2 snkbucl
|9 2146
|
| 651 |
|
7 |
|a pobaltské krajiny
|2 snkbucl
|9 87246
|
| 773 |
0 |
|
|t Biatec
|g Roč. 15, č. 12 (2007), s. 11-18
|x 1335-0900
|
| 850 |
|
|
|a Slovenská národná knižnica
|
| 852 |
|
|
|a Slovenská národná knižnica
|
| 954 |
|
|
|a odborná, vedecká literatúra pôvodná (slovenská)
|2 lita
|
| 958 |
|
|
|a article2022
|
| 958 |
|
|
|a OND
|
| 958 |
|
|
|a EUIPO
|
| 999 |
|
|
|c 2980252
|d 2982182
|